01425cam a22003254a 450000100090000000300050000900500170001400800410003101000170007202000150008902500230010404000130012704200100014005000270015008200170017710000250019424500840021926000440030330000440034750000940039150400560048552001570054154600130069860000660071160000690077771000370084688000370088388001000092088000790102014666083NUST20171024162217.0061211s2006 pk fh b 000 0 urdo  a 2006312893 a9694163684 aP-U-2006312893; 15 aDLCcDLC alcode00aPK2154.5.M86bJ33 2006 a891.439bJAB1 aJabīn̲, Zubaidah.10aProfaisar Muḥammad Munavvar, bat̤aur Iqbāl shanās /cZubaidah Jabīn̲. aLāhaur :bIqbāl Akādamī,c2006. a230 p. of plates :bfacsims. ;c22 cm. aOriginally presented as the author's thesis (M.Phil)--Allama Iqbal Open University, 2003. aIncludes bibliographical references (p. [215]-218). aResearch and critical appreciation of the writings of Muhammad Munawwar, 1923-, study as an expert critic of the works of Sir Muhammad Iqbal, 1877-1938. aIn Urdu.10aMunawwar, Muhammad,d1923-2000xCriticism and interpretation.10aIqbal, Muhammad,cSir,d1877-1938xCriticism and interpretation.2 aIqbal Academy (Lahore, Pakistan) 6100-01\(3\raزبیدہ جبیں 6245-02\(3\raپروفیسر محمد منور بطور اقبال شناسcزبیدہ جبیں 6260-03\(3\raلاہور:bاقبال اکیڈیمی پاکستان،c2006